| 000 | 00335nam a22001337a 4500 | ||
|---|---|---|---|
| 008 | 170710b xxu||||| |||| 00| 0 eng d | ||
| 020 | _a014010019952 | ||
| 041 | _aeng | ||
| 080 | _a030 | ||
| 100 | _a23 | ||
| 101 | _aENC | ||
| 245 |
_aCOMPREHENSIVWE CATALOG ENCYCLOPEDIA OF UNITED STATES COINS _cREED.P.B |
||
| 942 |
_2udc _cBK |
||
| 999 |
_c20116 _d20116 |
||